Romania Reigons - Statistics

General Stats
  • This quiz has been taken 103 times
  • The average score is 6 of 9
Answer Stats
Hint Answer % Correct
m Moldova
86%
m Muntenia
86%
o Oltenia
82%
t Transilvania
80%
b Banat
77%
d Dobrogea
76%
b Bucovina
64%
c Crisana
64%
s Satmar Si Maramures
0%
No matching quizzes found
Score Distribution
Percent of People with Each Score
Percentile by Number Answered
Your Score History
You have not taken this quiz